Giáo trình văn học phương Tây
Nghiên cứu nền văn học châu Âu từ thời kỳ Hy Lạp cổ đại, thời kỳ Phục hưng thế kỷ 15 - 16, văn học cổ điển, thời kỳ văn học Ánh sáng thế kỷ 17 - 18, văn học lãng mạn và hiện thực thế kỷ 19 đến văn học hiện đại thế kỷ 20....
Spremljeno u:
| Glavni autor: | |
|---|---|
| Format: | Knjiga |
| Jezik: | Undetermined |
| Izdano: |
Hà Nội
Giáo dục Việt Nam
2015
|
| Teme: | |
| Oznake: |
Dodaj oznaku
Bez oznaka, Budi prvi tko označuje ovaj zapis!
|
| Thư viện lưu trữ: | Trung tâm Học liệu Trường Đại học Cần Thơ |
|---|
| LEADER | 01043nam a2200217Ia 4500 | ||
|---|---|---|---|
| 001 | CTU_231020 | ||
| 008 | 210402s9999 xx 000 0 und d | ||
| 020 | |c 50000 | ||
| 082 | |a 809.894 | ||
| 082 | |b B113 | ||
| 100 | |a Lê, Huy Bắc | ||
| 245 | 0 | |a Giáo trình văn học phương Tây | |
| 245 | 0 | |c Lê Huy Bắc, Lê Nguyên Cẩn, Nguyễn Linh Chi | |
| 260 | |a Hà Nội | ||
| 260 | |b Giáo dục Việt Nam | ||
| 260 | |c 2015 | ||
| 520 | |a Nghiên cứu nền văn học châu Âu từ thời kỳ Hy Lạp cổ đại, thời kỳ Phục hưng thế kỷ 15 - 16, văn học cổ điển, thời kỳ văn học Ánh sáng thế kỷ 17 - 18, văn học lãng mạn và hiện thực thế kỷ 19 đến văn học hiện đại thế kỷ 20. | ||
| 650 | |a Văn học phương Tây,European literature | ||
| 650 | |x Lịch sử và phê bình,History and criticism | ||
| 910 | |b vtbtruc | ||
| 980 | |a Trung tâm Học liệu Trường Đại học Cần Thơ | ||